000 nam a22 7a 4500
999 _c46294
_d46294
003 OSt
005 20190412135123.0
008 190412b xxu||||| |||| 00| 0 eng d
040 _cSERO SOFT
100 _aDR. BHAGWAN , TIWARI
245 _aHINDI SAHITYA KA ITIHAS
260 _aVARANSI
_bBVS
300 _a666
942 _2ddc
_c02